000 00536nam a2200181Ia 4500
008 090123s9999 xx 000 0 und d
082 _b30898
100 _aकस्तुरी एन.
245 _aसत्यसाई संदेश
250 _a1
260 _bभागवत वा.पु.
300 _a160
600 _aकस्तुरी एन.
630 _aसत्यसाई संदेश
700 _aकस्तुरी एन.
730 _aसत्यसाई संदेश
942 _cBOOK
999 _c67937
_d67937